000 00593nam a2200181Ia 4500
003 GCL
008 140319s9999 xx 000 0 ara d
040 _aGCL /
_cGCL
082 0 4 _a813.009
_bح ج
100 1 _aحسين على محمد
245 1 0 _aجماليات القصة القصيرة : دراسات نصية /
_cحسين على محمد
300 _a160 ص
490 _aالهيئة العامة للاستعلامات
_v0
650 0 4 _aالقصة القصيرة
650 0 4 _aتاريخ ونقد
650 0 4 _aالادب العربى - العصر الحديث
942 _2ddc
_cBK
999 _c49258
_d49258